The International Survey of Family Law. (Record no. 5487)
[ view plain ]
| 000 -LEADER | |
|---|---|
| fixed length control field | 00485nam a22001937a 4500 |
| 003 - CONTROL NUMBER IDENTIFIER | |
| control field | OSt |
| 005 - DATE AND TIME OF LATEST TRANSACTION | |
| control field | 20250415201058.0 |
| 008 - FIXED-LENGTH DATA ELEMENTS--GENERAL INFORMATION | |
| fixed length control field | 250415b |||||||| |||| 00| 0 eng d |
| 022 ## - INTERNATIONAL STANDARD SERIAL NUMBER | |
| International Standard Serial Number | 9041102183 |
| 040 ## - CATALOGING SOURCE | |
| Transcribing agency | Boston |
| 050 ## - LIBRARY OF CONGRESS CALL NUMBER | |
| Classification number | K670 |
| 100 ## - MAIN ENTRY--PERSONAL NAME | |
| Personal name | Andrew Bounham |
| 245 ## - TITLE STATEMENT | |
| Title | The International Survey of Family Law. |
| 260 ## - PUBLICATION, DISTRIBUTION, ETC. | |
| Place of publication, distribution, etc. | Boston: |
| Name of publisher, distributor, etc. | Martinus Nijhoff Publishers |
| Date of publication, distribution, etc. | c 1996 |
| 300 ## - PHYSICAL DESCRIPTION | |
| Extent | xvii, 496pp: |
| 490 ## - SERIES STATEMENT | |
| Materials specified | Family Law |
| 500 ## - GENERAL NOTE | |
| General note | Includes index |
| 942 ## - ADDED ENTRY ELEMENTS (KOHA) | |
| Source of classification or shelving scheme | Library of Congress Classification |
| Koha item type | Books |
| Suppress in OPAC | No |
| Withdrawn status | Lost status | Source of classification or shelving scheme | Damaged status | Not for loan | Collection | Home library | Current library | Shelving location | Date acquired | Total checkouts | Full call number | Barcode | Date last seen | Copy number | Price effective from | Koha item type |
|---|---|---|---|---|---|---|---|---|---|---|---|---|---|---|---|---|
| Dewey Decimal Classification | Non-fiction | Law Library (Christ Temple) | Law Library (Christ Temple) | General stacks | 04/15/2025 | K670 INT | LLCT00000566 | 04/15/2025 | 1 | 04/15/2025 | Books |